000 00665nam a2200241Ia 4500
003 OSt
005 20220918205417.0
006 a|||||r|||| 00| 0
007 ta
008 220917b |||||||| |||| 00| 0 eng d
024 _a116,471
037 _cTextual
040 _aARTS
_cARTS
_beng
041 _2eng
_aeng
082 _aV5925-58.N4, L1
100 _aMastny V
_9115042
245 0 _aCzechs under Nazi rule
_b the failure of national resistance 1939-1942
260 _aN York
_bColumbia Univ
_c1971
300 _axiii, 274p.
_ccm.
650 _aHISTORY
942 _hV5925-58.N4, L1
_cTEXL
_2CC
999 _c239798
_d239798